000
00219 a2200097 4500
001
51369
100
_a
Warring R H
245
_a
Pneumatic Hand Book
260
_a
London
_b
Gulf Publishers Co.
_c
090
_c
32559
_d
32559
942
_a
NUST-CAE
_c
M
_c
25068
999
_c
286442
_d
286442